000 00243nam a2200097 4500
008 240222b |||||||| |||| 00| 0 eng d
245 _aLogos-Vol. 28, no. 1 (March 1989)
246 _aTowards liberation in Pakistan
260 _c1989
942 _cCR
999 _c4794
_d4794